[Event "Madrid Oliver Gonzalez Memorial-B 3rd"]
[Site "Madrid"]
[Date "2012.09.05"]
[Round "5"]
[White "Marcos Herrero, Francisco"]
[Black "Ortiz Berruguete, Adrian"]
[Result "1/2-1/2"]
[WhiteElo "1937"]
[BlackElo "1803"]
[PlyCount "67"]
[EventDate "2012.09.01"]
[EventType "swiss"]
[EventRounds "9"]
[EventCountry "ESP"]
[SourceTitle "CBM 150 Extra"]
[Source "ChessBase"]
[SourceDate "2012.10.19"]
[SourceVersion "1"]
[SourceVersionDate "2012.10.19"]
[SourceQuality "1"]

1. d4 Nf6 2. c4 e6 3. g3 c5 4. d5 exd5 5. cxd5 d6 6. Nc3 g6 7. Bg2 Bg7 8. Nf3 0-0 9. 0-0 Na6 10. Nd2 Nc7 11. a4 b6 12. Qc2 Re8 13. e4 Ba6 14. Re1 Nfxd5 15. Nf3 Nb4 16. Qb3 Bd3 17. Bg5 Qd7 18. Rac1 a5 19. Nd2 Rab8 20. Nc4 h6 21. Bf4 g5 22. Bd2 Re7 23. Ne3 Ba6 24. Nf5 Re5 25. Nb5 Nxb5 26. axb5 Bxb5 27. Nxg7 c4 28. Qd1 Kxg7 29. Bc3 Nd3 30. f4 gxf4 31. gxf4 Nxf4 32. Bxe5+ dxe5 33. Qxd7 Bxd7 34. Rxc4 1/2-1/2

[Event "Madrid Codes op 6th"]
[Site "Madrid"]
[Date "2012.06.03"]
[Round "8.4"]
[White "Ortiz Berruguete, Adrian"]
[Black "Pindado Campos, Raul"]
[Result "1-0"]
[WhiteElo "1734"]
[BlackElo "1824"]
[PlyCount "75"]
[EventDate "2012.04.15"]
[EventType "swiss"]
[EventRounds "9"]
[EventCountry "ESP"]
[SourceTitle "EXT 2024"]
[Source "ChessBase"]
[SourceDate "2023.10.10"]
[SourceVersion "1"]
[SourceVersionDate "2023.10.10"]
[SourceQuality "1"]

1. e4 c5 2. Nf3 e6 3. Nc3 a6 4. d4 cxd4 5. Nxd4 Qc7 6. Be3 Nf6 7. a3 Nc6 8. Be2 Be7 9. 0-0 0-0 10. f4 d6 11. Bd3 Qb6 12. Na4 Qa7 13. Nf5 b6 14. Nxe7+ Nxe7 15. Bxb6 Qb7 16. e5 Bd7 17. exf6 Bxa4 18. Bd4 Ng6 19. fxg7 Rfc8 20. Rc1 Qd5 21. Bc3 Bc6 22. Qe2 Nh4 23. Rf2 Nf5 24. Rd1 Qc5 25. Bb4 Qb6 26. Bxf5 exf5 27. Rxd6 Re8 28. Qc4 Rac8 29. Qd4 Qb7 30. c4 Re4 31. Rd8+ Be8 32. Qd6 Kxg7 33. Bc3+ Kg8 34. Qh6 f6 35. Qxf6 Rxd8 36. Qxd8 Qf7 37. Qg5+ Kf8 38. Bb4+ 1-0

[Event "Madrid-ch prel-B"]
[Site "Madrid"]
[Date "2012.02.18"]
[Round "7.8"]
[White "Ortiz Berruguete, Adrian"]
[Black "Rios Rebollo, Victor"]
[Result "1/2-1/2"]
[WhiteElo "1734"]
[BlackElo "1844"]
[PlyCount "41"]
[EventDate "2012.02.02"]
[EventType "swiss"]
[EventRounds "9"]
[EventCountry "ESP"]
[SourceTitle "EXT 2024"]
[Source "ChessBase"]
[SourceDate "2023.10.10"]
[SourceVersion "1"]
[SourceVersionDate "2023.10.10"]
[SourceQuality "1"]

1. e4 e6 2. d4 d5 3. exd5 exd5 4. Bd3 Bd6 5. Ne2 Ne7 6. 0-0 c6 7. Bf4 0-0 8. Bxd6 Qxd6 9. Ng3 Nd7 10. Nd2 Nf6 11. c3 Ng6 12. Nf3 Bg4 13. h3 Bxf3 14. Qxf3 Rfe8 15. Rfe1 Rxe1+ 16. Rxe1 Re8 17. Rxe8+ Nxe8 18. Nf5 Qe6 19. Qe3 Qxe3 20. fxe3 Kf8 21. Kf2 1/2-1/2

[Event "Madrid-ch prel-B"]
[Site "Madrid"]
[Date "2012.02.04"]
[Round "3.5"]
[White "Ortiz Berruguete, Adrian"]
[Black "Lopez Garralon, Miguel"]
[Result "0-1"]
[WhiteElo "1734"]
[BlackElo "1928"]
[PlyCount "80"]
[EventDate "2012.02.02"]
[EventType "swiss"]
[EventRounds "9"]
[EventCountry "ESP"]
[SourceTitle "EXT 2024"]
[Source "ChessBase"]
[SourceDate "2023.10.10"]
[SourceVersion "1"]
[SourceVersionDate "2023.10.10"]
[SourceQuality "1"]

1. e4 d6 2. d4 Nf6 3. Nc3 Nbd7 4. Nf3 e5 5. Be3 c6 6. h3 Be7 7. Bc4 h6 8. Qd2 Qc7 9. Nh4 Nxe4 10. Bxf7+ Kxf7 11. Nxe4 Bxh4 12. g3 Be7 13. f4 exd4 14. Bxd4 d5 15. Nf2 Re8 16. 0-0-0 Nf6 17. Be5 Bd6 18. Bxf6 Kxf6 19. Ng4+ Kf7 20. c4 Bf5 21. b4 b6 22. Kb2 Re4 23. Ne3 Rae8 24. Rhe1 Bxb4 25. Qxb4 Rxe3 26. Qd2 Rxe1 27. Rxe1 Rxe1 28. Qxe1 Qe7 29. Qc3 Qe2+ 30. Ka3 Qxc4 31. Qe5 Qc5+ 32. Kb2 d4 33. Qc7+ Kg6 34. a4 Qb4+ 35. Kc1 Qc3+ 36. Kd1 Bc2+ 37. Ke2 Qe3+ 38. Kf1 Bd3+ 39. Kg2 Qe2+ 40. Kg1 Qf1+ 0-1

[Event "Madrid Codes Memorial 4th"]
[Site "Madrid"]
[Date "2010.05.16"]
[Round "5"]
[White "Juarez de Vena, Antonio"]
[Black "Ortiz Berruguete, Adrian"]
[Result "1/2-1/2"]
[WhiteElo "1862"]
[BlackElo "1681"]
[PlyCount "78"]
[EventDate "2010.04.18"]
[EventType "swiss"]
[EventRounds "9"]
[EventCountry "ESP"]
[SourceTitle "CBM 136 Extra"]
[Source "ChessBase"]
[SourceDate "2010.07.02"]
[SourceVersion "2"]
[SourceVersionDate "2010.07.15"]
[SourceQuality "1"]

1. e4 d5 2. exd5 Qxd5 3. Nc3 Qa5 4. d4 Nf6 5. Nf3 Bf5 6. Bd3 c6 7. 0-0 e6 8. Re1 Bxd3 9. Qxd3 Bd6 10. Bg5 Nbd7 11. Rad1 0-0-0 12. Ne4 Qc7 13. c4 Rde8 14. Nxd6+ Qxd6 15. c5 Qd5 16. b4 h6 17. Bf4 Qf5 18. Bd6 Qxd3 19. Rxd3 Nd5 20. Rb3 b5 21. cxb6 axb6 22. a4 Kb7 23. Nd2 Ra8 24. a5 b5 25. Rf3 N7f6 26. Rg3 Rhg8 27. Nf3 Rad8 28. Bc5 Nd7 29. Ne5 Nxe5 30. dxe5 Nc7 31. Rf3 Rd7 32. h4 Nd5 33. g4 Rh8 34. Kg2 h5 35. g5 g6 36. Kg3 Ra8 37. Rd3 Re8 38. Red1 Ra8 39. Ra3 Ka6 1/2-1/2

[Event "Madrid-ch Previa-B"]
[Site "Madrid"]
[Date "2009.11.27"]
[Round "8"]
[White "Mosteiro Montoro, Alvaro"]
[Black "Ortiz Berruguete, Adrian"]
[Result "1-0"]
[WhiteElo "1777"]
[BlackElo "1682"]
[PlyCount "135"]
[EventDate "2009.11.05"]
[EventType "swiss"]
[EventRounds "9"]
[EventCountry "ESP"]
[SourceTitle "CBM 133 Extra"]
[Source "ChessBase"]
[SourceDate "2010.01.05"]
[SourceVersion "1"]
[SourceVersionDate "2010.01.05"]
[SourceQuality "1"]

1. d4 Nf6 2. c4 c5 3. d5 e6 4. Nc3 exd5 5. cxd5 d6 6. Bg5 h6 7. Bh4 g5 8. Bg3 a6 9. a4 Bg7 10. Qc2 Bg4 11. h3 Bh5 12. e4 Bg6 13. Bd3 0-0 14. Nge2 Re8 15. 0-0 Qe7 16. f3 Nbd7 17. h4 Ne5 18. Bxe5 Qxe5 19. hxg5 hxg5 20. Kf2 Nd7 21. a5 Qf6 22. Ke1 Ne5 23. b3 Rac8 24. Ra4 Rc7 25. Kd2 g4 26. f4 Nxd3 27. Qxd3 Bh6 28. g3 Rce7 29. Kd1 Bh7 30. Kc2 Bg7 31. Rh1 Qg6 32. f5 Qg5 33. Nf4 Be5 34. Rh5 Qg7 35. Nce2 Rc8 36. Nc3 Rec7 37. Rc4 Rb8 38. Na4 Kf8 39. Nb6 Ke7 40. Qf1 Ba1 41. Nd3 Bg8 42. Qf4 Bf6 43. Nf2 Ba1 44. Qg5+ Qxg5 45. Rxg5 f6 46. Rg7+ Bf7 47. Rxg4 Rh8 48. Rh4 Rg8 49. g4 Be5 50. Rh3 Bd4 51. Rxd4 cxd4+ 52. Nc4 Rg7 53. Kd3 Be8 54. Kxd4 Bb5 55. Rg3 Bxc4 56. bxc4 Rc5 57. Ra3 Kf8 58. Kc3 Rgc7 59. Ra4 Rg7 60. Kd4 Rgc7 61. Nd3 Kg7 62. Nf4 Kh6 63. Ne6 Rc8 64. Nxc5 Rxc5 65. Ke3 Kg5 66. Kf3 Kh4 67. Kf4 Kh3 68. g5 1-0

[Event "Madrid-ch Previa-B"]
[Site "Madrid"]
[Date "2009.11.21"]
[Round "7"]
[White "Jimenez Vera, Ruben"]
[Black "Ortiz Berruguete, Adrian"]
[Result "0-1"]
[WhiteElo "1554"]
[BlackElo "1682"]
[PlyCount "100"]
[EventDate "2009.11.05"]
[EventType "swiss"]
[EventRounds "9"]
[EventCountry "ESP"]
[SourceTitle "CBM 133 Extra"]
[Source "ChessBase"]
[SourceDate "2010.01.05"]
[SourceVersion "1"]
[SourceVersionDate "2010.01.05"]
[SourceQuality "1"]

1. d4 Nf6 2. c4 e6 3. Nc3 c5 4. Nf3 d5 5. Bg5 cxd4 6. Qxd4 Be7 7. cxd5 exd5 8. Rd1 Nc6 9. Qd2 Be6 10. Bxf6 Bxf6 11. e4 dxe4 12. Qxd8+ Rxd8 13. Rxd8+ Kxd8 14. Nxe4 Bxb2 15. a4 Ba3 16. Be2 Bb4+ 17. Ned2 Bb3 18. 0-0 Bxd2 19. Nxd2 Bxa4 20. Ra1 b5 21. Rc1 Nd4 22. Bg4 f5 23. Bd1 Bxd1 24. Rxd1 Ne2+ 25. Kf1 Nc3 26. Ra1 Na4 27. Nc4 Kc7 28. Na3 Kb6 29. Rb1 Nc3 30. Rb3 Rc8 31. Ke1 a6 32. Kd2 Ne4+ 33. Ke2 Rc3 34. Rxc3 Nxc3+ 35. Kd3 b4 36. Nc4+ Kb5 37. h4 Ne4 38. Ne3 Nxf2+ 39. Ke2 b3 40. Kd2 Ne4+ 41. Kd3 g6 42. Nd1 a5 43. g4 a4 44. gxf5 gxf5 45. Ne3 a3 46. Nc4 a2 47. Na5 Kb4 48. Nc6+ Ka3 49. Na5 a1Q 50. Nc4+ Kb4 0-1

[Event "Madrid-ch Previa-B"]
[Site "Madrid"]
[Date "2008.11.15"]
[Round "5"]
[White "Morona Minguez, Irene"]
[Black "Ortiz Berruguete, Adrian"]
[Result "1/2-1/2"]
[WhiteElo "1743"]
[BlackElo "1637"]
[PlyCount "114"]
[EventDate "2008.11.06"]
[EventType "swiss"]
[EventRounds "9"]
[EventCountry "ESP"]
[SourceTitle "CBM 127 Extra"]
[Source "ChessBase"]
[SourceDate "2009.01.08"]
[SourceVersion "2"]
[SourceVersionDate "2009.01.28"]
[SourceQuality "1"]

1. e4 d5 2. exd5 Qxd5 3. Nc3 Qa5 4. d4 Nf6 5. Nf3 c6 6. Bc4 Bg4 7. Bd2 e6 8. Nd5 Qd8 9. Nxf6+ Qxf6 10. Bc3 Bxf3 11. gxf3 Qf4 12. a3 Nd7 13. Qe2 Nb6 14. Bb3 0-0-0 15. a4 Nd5 16. Bxd5 exd5 17. Qe3 Bd6 18. 0-0-0 Rde8 19. Qxf4 Bxf4+ 20. Bd2 Bxd2+ 21. Kxd2 Re6 22. Rde1 Rhe8 23. Re3 Kd7 24. Rg1 g6 25. Rg4 Rf6 26. Ke2 h5 27. Rg5 Rf4 28. c3 Rh4 29. Rg2 Re6 30. b3 a5 31. Kd3 b6 32. c4 dxc4+ 33. bxc4 Kd6 34. Re4 Rh3 35. Ke3 Rxe4+ 36. Kxe4 Rh4+ 37. Ke3 c5 38. dxc5+ Kxc5 39. Rg5+ Kd6 40. f4 Rh3+ 41. f3 Rxh2 42. f5 gxf5 43. Rxf5 h4 44. Rxf7 h3 45. Rh7 Kc5 46. f4 Kxc4 47. f5 Rh1 48. Kf2 Kd5 49. f6 Ke6 50. f7 Ke7 51. Ke2 Rb1 52. f8Q+ Kxf8 53. Rxh3 Ke7 54. Rh4 Kd6 55. Kd3 Kc5 56. Kc3 Rb4 57. Rxb4 axb4+ 1/2-1/2

[Event "Madrid-ch Previa-B"]
[Site "Madrid"]
[Date "2008.11.08"]
[Round "3"]
[White "Gonzalez Ayuso, Gonzalo"]
[Black "Ortiz Berruguete, Adrian"]
[Result "1-0"]
[WhiteElo "1804"]
[BlackElo "1637"]
[PlyCount "61"]
[EventDate "2008.11.06"]
[EventType "swiss"]
[EventRounds "9"]
[EventCountry "ESP"]
[SourceTitle "CBM 127 Extra"]
[Source "ChessBase"]
[SourceDate "2009.01.08"]
[SourceVersion "2"]
[SourceVersionDate "2009.01.28"]
[SourceQuality "1"]

1. d4 Nf6 2. c4 e6 3. Nc3 c5 4. d5 exd5 5. cxd5 d6 6. e4 a6 7. a4 g6 8. Bg5 h6 9. Bh4 g5 10. Bg3 Nh5 11. Qxh5 Nd7 12. Qd1 Qe7 13. Bd3 Bg7 14. Nf3 Nf6 15. 0-0 Nd7 16. Re1 Ne5 17. h3 Bd7 18. Nxe5 Bxe5 19. Bxe5 Qxe5 20. Qb3 Ke7 21. Ne2 g4 22. h4 Rhg8 23. Ng3 Rg6 24. Nf5+ Kf8 25. Qxb7 Rd8 26. Qc7 Qf6 27. Nxd6 Qxd6 28. Qxd8+ Kg7 29. e5 Qxd5 30. Bxg6 g3 31. Qf6+ 1-0

[Event "Madrid-ch Previa-B"]
[Site "Madrid"]
[Date "2008.11.06"]
[Round "1"]
[White "Rojas Pozo, Jose Luis"]
[Black "Ortiz Berruguete, Adrian"]
[Result "1/2-1/2"]
[WhiteElo "1897"]
[BlackElo "1637"]
[PlyCount "95"]
[EventDate "2008.11.06"]
[EventType "swiss"]
[EventRounds "9"]
[EventCountry "ESP"]
[SourceTitle "CBM 127 Extra"]
[Source "ChessBase"]
[SourceDate "2009.01.08"]
[SourceVersion "2"]
[SourceVersionDate "2009.01.28"]
[SourceQuality "1"]

1. e4 d5 2. exd5 Qxd5 3. Nc3 Qa5 4. d4 Nf6 5. Bc4 c6 6. Bd2 Bf5 7. Nf3 e6 8. 0-0 Nbd7 9. h3 Qc7 10. Re1 0-0-0 11. Nh4 Bg6 12. Nxg6 hxg6 13. Qf3 Nb6 14. Bf4 Bd6 15. Bxd6 Qxd6 16. Bb3 Qxd4 17. Rad1 Qc5 18. Ne4 Nxe4 19. Qxe4 Rxd1 20. Rxd1 Nd7 21. Qf4 Nf6 22. c3 Rh5 23. Qd2 Qe7 24. Qe3 Qc5 25. Qd2 Rh8 26. Qf4 g5 27. Qg3 Qf5 28. Qe3 Kb8 29. Qd4 Qf4 30. Qd6+ Qxd6 31. Rxd6 Kc7 32. Rd3 Nd5 33. Bxd5 cxd5 34. Kf1 Kc6 35. Ke2 Rh4 36. b3 Re4+ 37. Kd2 g4 38. Rg3 f5 39. hxg4 Rxg4 40. Rxg4 fxg4 41. Ke3 e5 42. Kd3 b5 43. b4 Kd6 44. Ke3 Ke6 45. g3 Kf5 46. Kd3 g5 47. Ke3 a6 48. Kd3 1/2-1/2